1499 1941 1815 1784 1388 1563 1676 1197 1919 1514 1632 1890 1487 1188 1766 1088 1159 1742 1892 1342 1430 1626 1895 1768 1342 1597 1345 1754 1736 1389 1251 1767 1506 1385 1034 1677 1633 1570 1125 1340 1620 1442 1424 1797 1138 1662 1664 1800 1937 1567 1914 1435 1545 1073 1344 1139 1351 1929 1777 1936 1912 1305 1025 1745 1290 1934 1555 1750 1374 1772 1236 1682 1492 1363 1336 1184 1895 1823 1594 1884 1880 1087 1185 1534 1660 1279 1216 1484 1571 1977 1145 1154 1649 1961 1546 1126 1661 1860 1050 BCNSPRNW ULIB Ver.6.0+V

เปลี่ยนเป็นภาษาไทย

Change to English
 แสดงรายละเอียดบรรณานุกรม
  กลับหน้าหลัก

Brief Record : Get Marc (ISO 2709) : E-mail record : QR code < ปิดหน้าต่าง
LEADER : 00000nam 2200000uu 4500
001    13399128589
003     ULIB
008    230912s2565||||th 000 0 tha d
020    ^a9786163987037
060 04 ^aWY105^bอ259ท
100 0  ^aอภิรดี นันท์ศุภวัฒน์ (บรรณาธิการ)
245 10 ^aทักษะในการบริหารทางการพยาบาล/^cอภิรดี นันท์ศุภวัฒน์ (บรรณาธิการ)
246 31 ^aSkills of nursing management
250    ^aพิมพ์ครั้งที่ 2 (ฉบับปรับปรุงครั้งที่ 1)
260    ^aกรุงเทพฯ :^bโครงการตำราคณะพยาบาลศาสตร์ มหาวิทยาลัยเชียงใหม่,^c2565
300    ^a179 หน้า ;^c25 ซม.
650  4 ^aการพยาบาล^xการบริหาร
650  4 ^aการพยาบาล, บริการ^xองค์การและการบริหาร
650  4 ^aการบริหารการพยาบาล
650  4 ^aผู้นำ
650  0 ^aพยาบาลและการพยาบาล
710 2  ^aมหาวิทยาลัยเชียงใหม่.^bคณะพยาบาลศาสตร์
856    ^a^zสารบัญ^uhttps://drive.google.com/file/d/1Bnx__DH3lCsSsM1CO3H9zuMsQQQB_GrB/view?usp=share_link
945    ^p150^l0^i29797
945    ^p150^l0^i29798
945    ^p150^l0^i30179
945    ^p150^l0^i30180
999    ^aกัณชพร จุลอักษร
รายการนี้ยังไม่มีแท็ก
คุณยังไม่ได้ล็อกอิน คุณสามารถมีกิจกรรมร่วมกับเว็บไซต์ได้ แต่ต้องล็อกอินก่อน ::
  ล็อกอิน

รายการสื่อสารสนเทศ

ลำดับที่ ประเภท เลขเรียก/บาร์โค้ด สถานที่ สถานะ
1. หนังสือสำรอง
หนังสือสำรอง
WY105 อ259ท ฉ.1 
  Barcode: 29797
ห้องสมุดวิทยาเขตนครสวรรค์
►หนังสือทั่วไป:l:General Books
บนชั้น
2. วิทยาศาสตร์การแพทย์ และสุขภาพ
วิทยาศาสตร์การแพทย์ และสุขภาพ
WY105 อ259ท ฉ.2 
  Barcode: 29798
ห้องสมุดวิทยาเขตนครสวรรค์
►หนังสือทั่วไป:l:General Books
บนชั้น
3. วิทยาศาสตร์การแพทย์ และสุขภาพ
วิทยาศาสตร์การแพทย์ และสุขภาพ
WY105 อ259ท ฉ.3 
  Barcode: 30179
ห้องสมุดวิทยาเขตนครสวรรค์
►หนังสือทั่วไป:l:General Books
บนชั้น
4. วิทยาศาสตร์การแพทย์ และสุขภาพ
วิทยาศาสตร์การแพทย์ และสุขภาพ
WY105 อ259ท ฉ.4 
  Barcode: 30180
ห้องสมุดวิทยาเขตนครสวรรค์
►หนังสือทั่วไป:l:General Books
บนชั้น

รายการใกล้เคียง
    ผู้แต่ง [อภิรดี นันท์ศุภวัฒน์ (บรรณาธิการ)]

    หัวเรื่อง [การบริหารการพยาบาล]
    หัวเรื่อง [ผู้นำ]
    หัวเรื่อง [พยาบาลและการพยาบาล]

BibComment


ยังไม่เคยถูกคอมเมนท์

คอมเมนท์ทรัพยากรรายการนี้
  คอมเมนท์: ทักษะในการบริหาร..


 Copyright 2026. Bcnsprnw @Library